Čo je to dobrá materská škola?

Bibliographic Details
Main Author: Klindová, Ľuboslava, 1931- (Author)
Format: Article
Language:Slovak
PhysicalDescription:Obr. 1.
Subjects:

MARC

LEADER 00000nab a2200000 a 4500
001 vtls000441920
003 SK-MaSNL
005 20260304170253.0
008 230223c19911992xo 0 slo
015 |a SNBRB19rr/mm-uuuuu 
035 |a CL0442050 
035 |a urn:nbn:sk:snk-ab1e9c 
035 |a (urnnbn)urn:nbn:sk:snk:ar-002xzp 
035 |a (uuid)6319244b-ab05-4410-8eab-82604c7db409 
040 |a SNKBUCL  |b slo  |c SNKBUCL  |e AACR2 
041 0 |a slo 
044 |a xo  |c SK 
080 |a 373.24  |2 1981 
100 1 |a Klindová, Ľuboslava,  |d 1931-  |4 aut  |9 210724 
245 1 0 |a Čo je to dobrá materská škola?  |c Ľuboslava Klindová 
300 |b Obr. 1. 
650 0 7 |a materské školy  |2 snkbucl  |9 1278 
650 0 7 |a predškolská výchova  |2 snkbucl  |9 3959 
655 7 |a články z novín a časopisov  |2 snkbucl  |9 267496 
773 0 |t Predškolská výchova  |g Roč. 46, č. 5 (1991/1992), s. 3-5 
850 |a Slovenská národná knižnica v Martine  |a MTA001 
852 |a SNK  |b KIS3GCP 
954 |a odborná, vedecká literatúra pôvodná (slovenská)  |2 lita 
958 |a RK 
958 |a OND 
958 |a EUIPO 
958 |a article27 
992 |a RBX 
999 |c 2987939  |d 2989869